[Event "GER CCM-E03-D email"]
[Site "GER email"]
[Date "2019.06.19"]
[Round "?"]
[White "Benko, Bostjan"]
[Black "Gomes, Jose Soares"]
[Result "1-0"]
[WhiteElo "2226"]
[BlackElo "2243"]
[PlyCount "125"]
[EventDate "2019.??.??"]
[EventType "tourn (corr)"]
[EventRounds "13"]
[EventCountry "GER"]
[SourceTitle "Corr 2022"]
[Source "ChessBase"]
[SourceDate "2021.10.24"]
[SourceVersion "1"]
[SourceVersionDate "2021.10.24"]
[SourceQuality "1"]

1. e4 c5 2. Nf3 d6 3. c3 Nf6 4. h3 Nc6 5. Bd3 d5 6. e5 Nd7 7. Bb5 Qb6 8. Ba4 c4 9. d4 cxd3 10. 0-0 g6 11. Qxd3 Nc5 12. Bxc6+ bxc6 13. Qd1 Bg7 14. Be3 Qxb2 15. Bxc5 Qxa1 16. Qb3 Ba6 17. Bxe7 Bxf1 18. Kxf1 Bf8 19. Bxf8 Kxf8 20. Ne1 Kg7 21. Nc2 Rhb8 22. Nxa1 Rxb3 23. axb3 Re8 24. b4 Rxe5 25. Nb3 Re8 26. N1d2 Kf6 27. Na5 Rc8 28. Ndb3 Ke5 29. Ke2 Ke6 30. Nd4+ Kd6 31. Nab3 Re8+ 32. Kd3 f6 33. Kd2 Rh8 34. h4 Rc8 35. g3 Kc7 36. f4 Kd6 37. f5 gxf5 38. Nxf5+ Kc7 39. Ke3 Re8+ 40. Kf2 Kb6 41. Nfd4 Rg8 42. Kf3 Re8 43. Nc5 Re1 44. Nd7+ Kb7 45. h5 Kc8 46. Nf8 Kd8 47. Nxh7 Ke7 48. g4 Kf7 49. g5 fxg5 50. Nxg5+ Kf6 51. Kf4 Rh1 52. Ngf3 Rc1 53. h6 Kg6 54. Ne5+ Kxh6 55. Nexc6 Rxc3 56. Nxa7 Kg6 57. Ke5 Rc1 58. Kd6 Kg5 59. Nac6 Rb1 60. Kc5 Kf4 61. b5 Ke4 62. b6 Rc1+ 63. Kb4 1-0

[Event "GER CCM-E03-D email"]
[Site "GER email"]
[Date "2019.06.19"]
[Round "?"]
[White "Gomes, Jose Soares"]
[Black "Babychuk, Vladimir"]
[Result "1-0"]
[WhiteElo "2243"]
[BlackElo "2229"]
[PlyCount "81"]
[EventDate "2019.??.??"]
[EventType "tourn (corr)"]
[EventRounds "13"]
[EventCountry "GER"]
[SourceTitle "Corr 2022"]
[Source "ChessBase"]
[SourceDate "2021.10.24"]
[SourceVersion "1"]
[SourceVersionDate "2021.10.24"]
[SourceQuality "1"]

1. d4 d5 2. c4 e6 3. Nc3 a6 4. cxd5 exd5 5. Nf3 Nf6 6. Bg5 Be7 7. e3 0-0 8. Bd3 h6 9. Bf4 c5 10. 0-0 Nc6 11. dxc5 Bxc5 12. Rc1 Bd6 13. Bxd6 Qxd6 14. h3 Be6 15. Qd2 Rac8 16. Bb1 Qd7 17. Ne2 Rc7 18. Nf4 Rfc8 19. Rfd1 Qe7 20. a3 Qd6 21. Qe1 Bd7 22. Ne2 Qf8 23. Rc3 Be6 24. Rdc1 Ne4 25. R3c2 Qd6 26. Nf4 Bd7 27. Ba2 Nf6 28. Qd2 Ne5 29. Nd4 Rxc2 30. Rxc2 b5 31. Rxc8+ Bxc8 32. Qc3 Bd7 33. Bb1 g6 34. Bc2 Nc4 35. Bd3 Ne4 36. Qc2 Nc5 37. Be2 Ne6 38. Nfxe6 Bxe6 39. Bf3 h5 40. Qc3 Bd7 41. Nb3 1-0

[Event "GER CCM-E03-D email"]
[Site "GER email"]
[Date "2019.06.19"]
[Round "?"]
[White "Tamayo Gutierrez, Rommel"]
[Black "Gomes, Jose Soares"]
[Result "1/2-1/2"]
[WhiteElo "2219"]
[BlackElo "2243"]
[PlyCount "103"]
[EventDate "2019.??.??"]
[EventType "tourn (corr)"]
[EventRounds "13"]
[EventCountry "GER"]
[SourceTitle "Corr 2022"]
[Source "ChessBase"]
[SourceDate "2021.10.24"]
[SourceVersion "1"]
[SourceVersionDate "2021.10.24"]
[SourceQuality "1"]

1. e4 c5 2. Nf3 d6 3. Nc3 Nf6 4. d4 cxd4 5. Nxd4 a6 6. Be3 e5 7. Nb3 Be6 8. f3 Be7 9. Qd2 0-0 10. 0-0-0 Nbd7 11. g4 b5 12. g5 Nh5 13. Kb1 Nb6 14. Na5 Rc8 15. Nd5 Nxd5 16. exd5 Bxd5 17. Qxd5 Qxa5 18. c4 g6 19. cxb5 axb5 20. Bd3 Rb8 21. h4 Rfc8 22. Rc1 Rxc1+ 23. Rxc1 Ng7 24. Bc4 Ne6 25. Bb3 Qa8 26. Qxa8 Rxa8 27. Bd5 Rb8 28. Rc6 b4 29. Rc4 Kg7 30. Bd2 Nf4 31. Bxf4 exf4 32. Rxf4 f6 33. Re4 Bf8 34. Rc4 fxg5 35. hxg5 Rb5 36. Rd4 Be7 37. f4 h6 38. Bc4 Ra5 39. Re4 Kf8 40. gxh6 Rh5 41. Bb3 d5 42. Re6 Kf7 43. Rc6 Rxh6 44. Bxd5+ Kg7 45. Rc7 Kf6 46. Be4 Bd6 47. Rc6 Ke7 48. Kc2 Bxf4 49. Bxg6 Bd6 50. Be4 Rh4 51. Bg6 Rh6 52. Be4 1/2-1/2